02062cam a22003498i 450000100090000000300040000900500170001300800410003001000170007102000180008802000180010602000270012404000280015104200080017905000210018708200170020810000460022524500820027125000160035326300090036926400280037830000150040633600260042150400510044752008000049865000290129870000300132777601560135794200400151395201420155399900170169521021155OSt20230818143425.0190615s2021 nju b 001 0 eng  a 2019020719 a9789356060050 a9780135468890 z9780135468920q(ebook) aDLCbengerdacDLCdDLC apcc00aHD58.7b.R6 202100a658.3bROB/E aRobbins, Stephen P d1943-eauthor.9150210aEssentials of organizational behavior /cStephen P Robbins, Timothy A. Judge. a15 edition. a2101 1aNoida:bPearsonc[2021] a436 pages  atextbtxt2rdacontent aIncludes bibliographical references and index. a"This book was created as an alternative to the 600- or 700-page comprehensive text in organizational behavior (OB). It attempts to provide balanced coverage of all the key elements comprising the discipline of OB in a style that readers will find both informative and interesting. We're pleased to say that this text has achieved a wide following in short courses and executive programs as well as in traditional courses as a companion volume to experiential, skill development, case, and readings books. It is currently used at more than 500 colleges and universities in the United States, Canada, Latin America, Europe, Australia, and Asia. It's also been translated into Spanish, Portuguese, Japanese, Chinese, Dutch, Polish, Turkish, Danish, and Bahasa Indonesian"--cProvided by publisher. 0aOrganizational behavior.1 aJudge, Timeauthor.9158908iOnline version:aRobbins, Stephen P,tEssentials of organizational behaviorb15 edition.dHoboken, NJ : Pearson [2021]z9780135468920w(DLC) 2019981062 2ddccBKh658.3iROB/Ek658.3mROB/E 00102ddc40708MANAGEMENTaMESbMEScMANAGEMENTd2023-08-18l0o658.3 ROB/Ep42114r2023-08-18 14:35:15v579.00w2023-08-18yBKzGL54R4 c41924d41924